Здравствуй, школа! (Запись № 938155)

Подробности
000 -МАРКЕР
контрольное поле 01605nam0a2200349 4500
001 - ИДЕНТИФИКАТОР ЗАПИСИ
контрольное поле RU\NLR\bibl\468410
005 - ИДЕНТИФИКАТОР ВЕРСИИ
контрольное поле 20260406105622.0
010 ## - МЕЖДУНАРОДНЫЙ СТАНДАРТНЫЙ НОМЕР КНИГИ (ISBN)
Номер (ISBN) 5-09-005721-4
Тираж 10000
021 ## - НОМЕР ГОСУДАРСТВЕННОЙ РЕГИСТРАЦИИ
Код страны Российская Федерация
Номер 2003-58841
Номер Листа государственной регистраци 2876
035 ## - ДРУГИЕ СИСТЕМНЫЕ НОМЕРА
Идентификатор записи (NLR Aleph) 000461719
100 ## - ДАННЫЕ ОБЩЕЙ ОБРАБОТКИ
Данные общей обработки 20031203d2003 |||y0rusy50 ca
101 0# - ЯЗЫК РЕСУРСА
Язык текста, звукозаписи и т.д. русский
102 ## - СТРАНА ПУБЛИКАЦИИ ИЛИ ПРОИЗВОДСТВА
Страна публикации Российская Федерация
105 ## - ПОЛЕ КОДИРОВАННЫХ ДАННЫХ: ТЕКСТОВЫЕ МАТЕРИАЛЫ, МОНОГРАФИЧЕСКИЕ
Кодированные данные о монографическом текстовом документе a |||||||||
200 1# - ЗАГЛАВИЕ И СВЕДЕНИЯ ОБ ОТВЕТСТВЕННОСТИ
Основное заглавие Здравствуй, школа!
Сведения, относящиеся к заглавию Первые уроки рус. яз. Уст. курс
Первые сведения об ответственности [А.Ф. Бойцова, Т.Н. Орлова, Д.М. Тамбиева и др.]
Последующие сведения об ответственности Под ред. проф. Г.Г. Городиловой
210 ## - ПУБЛИКАЦИЯ, РАСПРОСТРАНЕНИЕ И ДР.
Место издания, распространения и т.д. М.
Имя издателя, распространителя и т. д. Фил. изд-ва "Просвещение"
Дата издания, распространения и т.д. 2003
215 ## - ФИЗИЧЕСКАЯ ХАРАКТЕРИСТИКА
Специфическое обозначение материала и объем 95,[1] с.
Другие сведения о физической характеристике цв. ил.
Размеры 30
300 ## - ОБЩИЕ ПРИМЕЧАНИЯ
Текст примечания Авт. указаны на обороте тит.л.
606 0# - НАИМЕНОВАНИЕ ТЕМЫ КАК ПРЕДМЕТ
Наименование темы Русский язык
Формальный подзаголовок Учебные издания для дошкольного обучения
Системный номер авторитетной/нормативной записи 1533567
Идентификатор авторитетной/нормативной записи RU\NLR\auth\66969347
686 ## - ИНДЕКСЫ ДРУГИХ КЛАССИФИКАЦИЙ
Индекс Ш141.12-921
701 #1 - ИМЯ ЛИЦА - АЛЬТЕРНАТИВНАЯ ОТВЕТСТВЕННОСТЬ
Начальный элемент ввода Бойцова
Часть имени, кроме начального элемента ввода А. Ф.
Расширение инициалов личного имени Антонина Федоровна
Код отношения Автор
701 #1 - ИМЯ ЛИЦА - АЛЬТЕРНАТИВНАЯ ОТВЕТСТВЕННОСТЬ
Код отношения Автор
Графика поля Кириллица
Материалы, к которым относится поле rus
Начальный элемент ввода Орлова
Часть имени, кроме начального элемента ввода Т. Н.
Дополнения к именам, кроме дат педагог-методист
Расширение инициалов личного имени Татьяна Николаевна
Системный номер авторитетной/нормативной записи 24305
Идентификатор авторитетной/нормативной записи RU\NLR\AUTH\7741357
701 #1 - ИМЯ ЛИЦА - АЛЬТЕРНАТИВНАЯ ОТВЕТСТВЕННОСТЬ
Начальный элемент ввода Тамбиева
Часть имени, кроме начального элемента ввода Д. М.
Расширение инициалов личного имени Джантыг Магометовна
Код отношения Автор
702 #1 - ИМЯ ЛИЦА - ВТОРИЧНАЯ ОТВЕТСТВЕННОСТЬ
Код отношения Редактор
Графика поля Кириллица
Материалы, к которым относится поле rus
Начальный элемент ввода Городилова
Часть имени, кроме начального элемента ввода Г. Г.
Даты 1922-2013
Расширение инициалов личного имени Галина Георгиевна
Системный номер авторитетной/нормативной записи 85346
Идентификатор авторитетной/нормативной записи RU\NLR\AUTH\77102420
801 #0 - ИСТОЧНИК ЗАПИСИ
Страна Российская Федерация
Организация NLR
Дата составления 20031203
Правила каталогизации PSBO
801 #1 - ИСТОЧНИК ЗАПИСИ
Страна Российская Федерация
Организация NLR
Дата составления 20031203
830 ## - ОБЩЕЕ ПРИМЕЧАНИЕ, СОСТАВЛЕННОЕ КАТАЛОГИЗАТОРОМ
Текст примечания Авт. по кн
942 ## - ДОПОЛНИТЕЛЬНЫЕ ЭЛЕМЕНТЫ ЗАПИСИ (АБИС)
Тип экземпляра АБИС Книга
980 ## - КОЛЛЕКЦИЯ
Название коллекции Национальная библиография
Экземпляры
Тип экземпляра Дата поступления Источник поступления Библиотека постоянного хранения Библиотека текущего хранения Место хранения Шифр хранения Штрих-код Статус экземпляра
Книга 03.12.2003 Обязательный экземпляр РНБ (Московский) РНБ (Московский) Русский книжный фонд: издания с 1957 года 2003-8/3528 600319  
Книга 03.12.2003 Обязательный экземпляр РНБ (Московский) РНБ (Московский) Обменный фонд   600320